00294nam a2200121Ia 4500008004100000041001200041082001100053100002000064245006300084260000600147650000600153700001300159221030s9999 xx 000 0 und d aEnglish a105.23 aM. Rafiquzzaman 0aModern Computer Architecturecby M. Rafiquzzaman, C. Rajan c0 aB aC. Rajan